Best WWE Champions - Statistics

General Stats
  • This quiz has been taken 221 times
  • The average score is 9 of 15
Answer Stats
Hint Answer % Correct
John Cena
96%
Triple H
87%
Randy Orton
82%
The Rock
80%
Hulk Hogan
74%
Shawn Michaels
73%
Stone Cold
72%
Undertaker
72%
Edge
64%
Kane
59%
Bret Hart
52%
Randy Savage
34%
Jeff Hardy
27%
The Miz
25%
Mankind
20%
No matching quizzes found
Score Distribution
Percent of People with Each Score
Percentile by Number Answered
Your Score History
You have not taken this quiz